000 00486nam a22001817a 4500
005 20251127114724.0
008 251121b |||||||| |||| 00| 0 eng d
020 _a978-81-929042-8-3
041 _aeng
082 _a615.3 RAM-F
100 _aRAMAIAH, DR. MADDI
_98769
245 _aFUNDAMENTAL OF PHARMACOGNOSY & PHYTOPHARMACEUTICALS
250 _aRE. PRINT ED. 2020
260 _aHYDERABAD
_bTAURUS PUBLISHERS
300 _a307;P
650 _aPHARMACY
_xB.PHARMA
942 _cBK
999 _c8944
_d8942